01171nam a22002894a 4500001001200000003000800012006001900020007001500039008004100054010001700095020002800112040002100140035002000161050002400181082001700205100003100222245012800253260005100381300004300432504005100475533015200526650001600678650001500694655002900709710001700738856012600755ebr10032490CaPaEBRm u cr cn|||||||||010725s2002 nyuaf sb 001 0 eng  z 2001004429 z0814731244 (alk. paper) aCaPaEBRcCaPaEBR a(OCoLC)5274007514aJC481b.G567 2002eb04a320.53/32211 aGoodrick-Clarke, Nicholas.10aBlack sunh[electronic resource] :bAryan cults, Esoteric Nazism, and the politics of identity /cNicholas Goodrick-Clarke. aNew York :bNew York University Press,cc2002. av, 371 p., [16] p. of plates :bill. . aIncludes bibliographical references and index. aElectronic reproduction.bPalo Alto, Calif. :cebrary,d2013.nAvailable via World Wide Web.nAccess may be limited to ebrary affiliated libraries. 0aNeo-Nazism. 0aOccultism. 7aElectronic books.2local2 aebrary, Inc.40uhttp://site.ebrary.com/lib/rucke/Doc?id=10032490zAn electronic book accessible through the World Wide Web; click to view